| 000 | 00594cam6a220021700 4500 | ||
|---|---|---|---|
| 001 | zam00003238 | ||
| 008 | 951128s1991 xx eng u | ||
| 035 | _a(Sirsi) r20570 | ||
| 035 | _a(MACHINE)SLC. | ||
| 100 |
_aMunatamba, P. M. _6A81274.1 |
||
| 245 | 1 | 0 | _aPavlovian psychology. |
| 260 | _c1991. | ||
| 949 |
_aMUN1-PAV _wlcc _mMAIN _tBOOK _lON-SHELF |
||
| 004 | 20570 | ||
| 591 | _aClass code: E 350. | ||
| 591 | _aCourse: Written African literature. | ||
| 591 | _aSchool: S05. | ||
| 591 | _aLecturer: Dr. MUNATAMBA, P.M. | ||
| 591 | _aNumber of Students: 80. | ||
| 909 | _aReprint | ||
| 999 |
_c171820 _d171820 |
||